| 000 | 00642nam a2200205Ia 4500 | ||
|---|---|---|---|
| 001 | 14034 | ||
| 003 | GE_BSU | ||
| 008 | 181216s||||||||xx |||||||||||||| ||und|| | ||
| 040 | _cGE_BSU | ||
| 080 | _a624.04(075.32) | ||
| 100 | _aАвт. колл. под руководством В.Т.Роботова. | ||
| 245 | _aПроектно-сметное дело в строительстве. | ||
| 245 | _cРед. А.Надеждина. | ||
| 260 | _aМ. | ||
| 260 | _bФинансы. | ||
| 260 | _c1965. | ||
| 300 | _a302 стр. 22 см. | ||
| 653 | _aПроектно-сметное дело в строительстве. | ||
| 942 | _cBK | ||
| 999 |
_c47176 _d47176 |
||